| 000 | 00907cam a2200301 a 4500 | ||
|---|---|---|---|
| 001 | 12480589 | ||
| 005 | 20180312090624.0 | ||
| 008 | 940720s1993 gw ac b 000 0beng d | ||
| 010 | _a 2001385570 | ||
| 020 | _a3822896365 (pbk.) | ||
| 035 | _a(OCoLC)ocm30799995 | ||
| 040 |
_aYGM _cYGM _dUIU _dEZK _dOCL _dDLC |
||
| 041 | 1 | _aeng | |
| 042 | _alccopycat | ||
| 043 | _an-mx--- | ||
| 080 | _a7 KET | ||
| 082 | _a7 KET | ||
| 100 | 1 | _a44 | |
| 101 | _aART | ||
| 240 | 1 | 0 |
_aFrida Kahlo, 1907-1954. _lEnglish |
| 245 | 1 | 0 |
_aFrida Kahlo, 1907-1954 : _cAndrea Kettenmann ; [English translation, Karen Williams]. |
| 246 | 1 | 4 | _aKahlo |
| 246 | 3 | 0 | _aPain and passion |
| 504 | _aIncludes bibliographical references (p. 96). | ||
| 906 |
_a7 _bcbc _ccopycat _d3 _encip _f20 _gy-gencatlg |
||
| 942 |
_2ddc _cBK |
||
| 999 |
_c44758 _d44758 |
||